[Event "ROM-ch U10"]
[Site "Baile Felix"]
[Date "2017.02.07"]
[Round "7"]
[White "Stanga, Daniel"]
[Black "Mainov, Stefan Gabriel"]
[Result "0-1"]
[WhiteElo "1277"]
[BlackElo "1211"]
[PlyCount "55"]
[EventDate "2017.02.02"]
[EventType "swiss"]
[EventRounds "9"]
[EventCountry "ROU"]
[SourceTitle "CBM 176 Extra"]
[Source "ChessBase"]
[SourceDate "2017.03.02"]
[SourceVersion "1"]
[SourceVersionDate "2017.03.02"]
[SourceQuality "1"]

1. e4 e5 2. Bc4 Nc6 3. d3 Bc5 4. Nc3 d6 5. Na4 Nd4 6. Nxc5 dxc5 7. f4 exf4 8. Bxf4 Bd7 9. Nf3 Bg4 10. h3 Bxf3 11. gxf3 Qh4+ 12. Kd2 Qxf4+ 13. Ke1 Qe3+ 14. Kf1 Qxf3+ 15. Qxf3 Nxf3 16. c3 Ne5 17. d4 Nxc4 18. b3 Nd2+ 19. Ke2 Nxe4 20. Rhc1 Ngf6 21. Ke3 Nd6 22. dxc5 Nf5+ 23. Kd3 Rd8+ 24. Kc2 Ne3+ 25. Kb2 Rd2+ 26. Ka3 Nc2+ 27. Ka4 Nxa1 28. Rxa1 0-1

[Event "ROM-ch U10"]
[Site "Baile Felix"]
[Date "2017.02.05"]
[Round "4"]
[White "Stanga, Daniel"]
[Black "Dragoi, Albert Marian"]
[Result "1/2-1/2"]
[WhiteElo "1277"]
[BlackElo "1067"]
[PlyCount "44"]
[EventDate "2017.02.02"]
[EventType "swiss"]
[EventRounds "9"]
[EventCountry "ROU"]
[SourceTitle "CBM 176 Extra"]
[Source "ChessBase"]
[SourceDate "2017.03.02"]
[SourceVersion "1"]
[SourceVersionDate "2017.03.02"]
[SourceQuality "1"]

1. e4 e5 2. Nf3 Nc6 3. Bc4 Bc5 4. 0-0 d6 5. c3 Bg4 6. h3 Bh5 7. d4 exd4 8. cxd4 Nxd4 9. g4 Nxf3+ 10. Qxf3 Bg6 11. Re1 Qe7 12. Bf4 0-0-0 13. Nc3 f6 14. Rab1 h5 15. b4 Bxb4 16. Rxb4 d5 17. Nxd5 Rxd5 18. Rxb7 Rc5 19. Rb4 a5 20. Ba6+ Kd8 21. Rd4+ Ke8 22. Bc1 hxg4 1/2-1/2

[Event "ROM-ch U10"]
[Site "Baile Felix"]
[Date "2017.02.02"]
[Round "1"]
[White "Bardas, Stefan Dragos"]
[Black "Stanga, Daniel"]
[Result "0-1"]
[WhiteElo "1070"]
[BlackElo "1277"]
[PlyCount "62"]
[EventDate "2017.02.02"]
[EventType "swiss"]
[EventRounds "9"]
[EventCountry "ROU"]
[SourceTitle "CBM 176 Extra"]
[Source "ChessBase"]
[SourceDate "2017.03.02"]
[SourceVersion "1"]
[SourceVersionDate "2017.03.02"]
[SourceQuality "1"]

1. d4 f5 2. Nc3 e6 3. Nf3 Nf6 4. Bg5 Be7 5. e3 d5 6. Be2 c6 7. 0-0 0-0 8. Bxf6 Bxf6 9. Qd2 Bd7 10. a3 Be8 11. Rab1 Bh5 12. h3 Nd7 13. Rfe1 Be7 14. Qd1 Nf6 15. Ne5 Bxe2 16. Qxe2 Nd7 17. Nxd7 Qxd7 18. Rf1 Rf6 19. f4 Rh6 20. Rf3 Rf8 21. Rbf1 Rff6 22. Qf2 Rfg6 23. Qe1 Bh4 24. Qd2 Qf7 25. Ne2 Rf6 26. b3 Qh5 27. a4 Rfg6 28. Qa5 a6 29. Qb6 Be1 30. Rxe1 Qxf3 31. g3 Rxh3 0-1

[Event "ROM-ch U08"]
[Site "Calimanesti"]
[Date "2015.04.02"]
[Round "4"]
[White "Stanga, Daniel"]
[Black "Ghigea, Andrei Serban"]
[Result "0-1"]
[WhiteElo "1001"]
[BlackElo "1009"]
[PlyCount "28"]
[EventDate "2015.03.30"]
[EventType "swiss"]
[EventRounds "9"]
[EventCountry "ROU"]
[SourceTitle "CBM 165 Extra"]
[Source "ChessBase"]
[SourceDate "2015.04.21"]
[SourceVersion "1"]
[SourceVersionDate "2015.04.21"]
[SourceQuality "1"]

1. e4 e5 2. Nf3 Bc5 3. Bc4 Bb6 4. Nc3 Qe7 5. d3 Nc6 6. 0-0 Nh6 7. Be3 Qb4 8. Rb1 a6 9. Qe2 Qd6 10. Nd2 Ne7 11. Qf3 Ng6 12. Bxh6 gxh6 13. Qxf7+ Kd8 14. Bd5 Qf8 0-1